Loading...
| Fine Arts - Other | 0 | 8 | 0 | 3 | 80 | 107 | 127.88 | 4 | 8 | 0.00 | 0.00 |
| Literature - Long Fiction | 1 | 4 | 0 | 0 | 55 | 29 | 103.20 | 3 | 5 | 0.00 | 0.00 |
| Other Academic | 1 | 3 | 0 | 1 | 45 | 57 | 93.25 | 3 | 4 | 0.00 | 0.00 |
| Geography | 0 | 4 | 0 | 1 | 40 | 73 | 114.75 | 3 | 4 | 0.00 | 0.00 |
| Current Events | 0 | 3 | 0 | 0 | 30 | 102 | 110.67 | 1 | 3 | 0.00 | 0.00 |
| Literature - Poetry | 0 | 3 | 0 | 0 | 30 | 120 | 133.00 | 2 | 3 | 0.00 | 0.00 |
| History - European | 0 | 2 | 0 | 0 | 20 | 126 | 127.00 | 0 | 2 | 0.00 | 0.00 |
| Philosophy | 0 | 2 | 0 | 0 | 20 | 135 | 140.00 | 2 | 2 | 0.00 | 0.00 |
| History - American | 0 | 2 | 0 | 2 | 20 | 136 | 139.50 | 0 | 2 | 0.00 | 0.00 |
| History - World | 0 | 1 | 0 | 0 | 10 | 82 | 82.00 | 0 | 1 | 0.00 | 0.00 |
| Literature - Misc | 0 | 1 | 0 | 0 | 10 | 119 | 119.00 | 0 | 1 | 0.00 | 0.00 |
| Fine Arts - Classical Music | 0 | 1 | 0 | 0 | 10 | 153 | 153.00 | 0 | 1 | 0.00 | 0.00 |
| Religion | 0 | 1 | 0 | 0 | 10 | 143 | 143.00 | 0 | 1 | 0.00 | 0.00 |
| Short Fiction and Other | 0 | 1 | 0 | 0 | 10 | 152 | 152.00 | 0 | 1 | 0.00 | 0.00 |
| Literature - Drama | 0 | 1 | 1 | 0 | 5 | 116 | 116.00 | 1 | 1 | 0.00 | 0.00 |
| Social Science | 0 | 0 | 0 | 0 | 0 | 0.00 | 0 | 0 | 0.00 | 0.00 | |
| Literature - Short Fiction | 0 | 0 | 1 | 0 | -5 | 0.00 | 0 | 0 | 0.00 | 0.00 |